NON-METALLIC biomaterials for tooth repair and replacement
Saved in:
| Format: | Book |
|---|---|
| Language: | English |
| Published: |
Woodhead Publishers
2013.
|
| Tags: |
Add Tag
No Tags, Be the first to tag this record!
|
MARC
| LEADER | 00000nam a22000007a 4500 | ||
|---|---|---|---|
| 008 | 201221b ||||| |||| 00| 0 eng d | ||
| 020 | |a ISBN: 978-0-85709-244-1 | ||
| 245 | |a NON-METALLIC biomaterials for tooth repair and replacement |c edited by Pekka Vallittu |g xx, 406p.; ill. | ||
| 260 | |b Woodhead Publishers |c 2013. |h Cambridge, UK: |i 683861 |l RK 652.5 .N73 |m Dental materials. |m Dental ceramics | ||
| 500 | |a “It includes references and index” | ||
| 942 | |a lcc |c BK |e Olagoke, M.A |f 21/122020 | ||
| 952 | |0 0 |1 0 |2 lcc |4 0 |6 RK06525 N73 |7 0 |9 1019 |a HOL |b HOL |c QZ |d 2020-12-21 |l 0 |o RK 652.5 .N73 |p 2020-230241 |r 2020-12-21 00:00:00 |w 2020-12-21 |y BK | ||
| 999 | |c 526 |d 526 | ||